[Event "London Chess Classic 2025"]
[Site "Londra"]
[Date "26.11.2025"]
[Round "1"]
[White "McShane, Luke"]
[Black "Adams, Michael"]
[Result "1/2-1/2"]
[WhiteElo "2615"]
[BlackElo "2635"]
[EventDate "2025.11.26"]

1. e4 e5 2. Nf3 Nc6 3. Bb5 a6 4. Ba4 Nf6 5. O-O Be7 6. Bxc6 dxc6 7. d3 Nd7
8. Nbd2 O-O 9. Nc4 f6 10. Ne3 Nc5 11. Nf5 Bd6 12. Re1 Re8 13. Be3 Bf8 14.
Qe2 Ne6 15. d4 Nxd4 16. N5xd4 exd4 17. Bxd4 Be6 18. Qe3 Qe7 19. h4 c5 20.
Bc3 h6 21. Nh2 Qf7 22. Qg3 Rad8 23. Nf1 Kh7 24. b3 c4 25. Ne3 cxb3 26. axb3
Bc5 27. Qf3 c6 28. h5 Bd4 29. Bxd4 Rxd4 30. Red1 Red8 31. Rxd4 Rxd4 32. Nf5
Bxf5 33. Qxf5+ Kg8 34. Qc8+ Kh7 35. Qf5+ Kg8 36. Qc8+ Kh7 1/2-1/2

[Event "London Chess Classic 2025"]
[Site "Londra"]
[Date "26.11.2025"]
[Round "1"]
[White "Firouzja, Alireza"]
[Black "Shankland, Sam"]
[Result "1/2-1/2"]
[WhiteElo "2762"]
[BlackElo "2649"]
[EventDate "2025.11.26"]

1. d4 Nf6 2. c4 g6 3. Nc3 d5 4. cxd5 Nxd5 5. e4 Nxc3 6. bxc3 Bg7 7. Bc4 O-O
8. Ne2 c5 9. O-O Nc6 10. Be3 Na5 11. Bd3 b6 12. Rb1 e5 13. dxc5 Be6 14.
cxb6 axb6 15. Bxb6 Qc8 16. a4 Nc4 17. Bxc4 Bxc4 18. a5 Qc6 19. Qc2 Rfc8 20.
Rfe1 Be6 21. Nc1 Qxc3 22. Qxc3 Rxc3 23. Ne2 Rc4 24. Rec1 Rxe4 25. Nc3 Rh4
26. Nb5 Bh6 27. Rd1 Bf5 28. Ra1 Bc2 29. Nc7 Rc8 30. Re1 Bd2 31. Re2 Bc3 32.
Rc1 Bd3 33. Ra2 Bd4 34. Rd2 Ba6 35. h3 Bb7 36. Rb1 Bc6 37. Rc1 Bb7 38. Rdd1
Rf4 39. Rd2 Rh4 1/2-1/2

[Event "London Chess Classic 2025"]
[Site "Londra"]
[Date "26.11.2025"]
[Round "1"]
[White "Eljanov, Pavel"]
[Black "Theodorou, Nikolas"]
[Result "1/2-1/2"]
[WhiteElo "2656"]
[BlackElo "2656"]
[EventDate "2025.11.26"]

1. e4 c5 2. c3 Nf6 3. e5 Nd5 4. Bc4 Nb6 5. Bb3 d6 6. exd6 exd6 7. Nf3 Nc6
8. d4 Be7 9. dxc5 dxc5 10. Qxd8+ Bxd8 11. O-O O-O 12. Re1 Bg4 13. Na3 Bf6
14. Ng5 Bf5 15. Ne4 Be7 16. Bf4 Rad8 17. Bc7 Rd7 18. Bxb6 axb6 19. Nc4 Bxe4
20. Rxe4 b5 21. Ne3 c4 22. Bc2 Rd2 23. Rd1 Rfd8 24. Rxd2 Rxd2 25. Kf1 f5
26. Nxf5 Rxc2 27. Nxe7+ Nxe7 28. Rxe7 Rxb2 29. Re2 Rb1+ 30. Re1 Rb2 31. Re2
1/2-1/2

[Event "London Chess Classic 2025"]
[Site "Londra"]
[Date "26.11.2025"]
[Round "1"]
[White "Jones, Gawain"]
[Black "Abdusattorov, Nodirbek"]
[Result "1/2-1/2"]
[WhiteElo "2655"]
[BlackElo "2750"]
[EventDate "2025.11.26"]

1. e4 c6 2. d4 d5 3. exd5 cxd5 4. Nf3 Nc6 5. c4 Nf6 6. Nc3 a6 7. cxd5 Nxd5
8. Bc4 Be6 9. Ng5 Nxc3 10. Bxe6 Nxd1 11. Bxf7+ Kd7 12. Be6+ Ke8 13. Bf7+
Kd7 14. Be6+ Ke8 15. Bf7+ Kd7 16. Be6+ 1/2-1/2

[Event "London Chess Classic 2025"]
[Site "Londra"]
[Date "26.11.2025"]
[Round "1"]
[White "Mishra, Abhimanyu"]
[Black "Vitiugov, Nikita"]
[Result "1/2-1/2"]
[WhiteElo "2642"]
[BlackElo "2657"]
[EventDate "2025.11.26"]

1. d4 Nf6 2. c4 e6 3. Nc3 Bb4 4. a3 Bxc3+ 5. bxc3 c5 6. f3 Nc6 7. e4 d6 8.
Ne2 b6 9. Ng3 Na5 10. Bd3 Ba6 11. O-O h5 12. e5 dxe5 13. dxe5 h4 14. exf6
hxg3 15. fxg7 gxh2+ 16. Kh1 Rg8 17. Be4 Qxd1 18. Rxd1 Bb7 19. Bxb7 Nxb7 20.
Bh6 f6 21. g4 Rd8 22. Kxh2 Kf7 23. f4 Kg6 24. g5 fxg5 25. fxg5 Nd6 26. Re1
Rde8 27. Rad1 Nf5 28. Rd7 Nxg7 29. Bxg7 Rxg7 30. Rxg7+ Kxg7 31. Kg3 Rd8 32.
Rxe6 Rd3+ 33. Kf4 1/2-1/2

[Event "London Chess Classic 2025"]
[Site "Londra"]
[Date "27.11.2025"]
[Round "2"]
[White "Adams, Michael"]
[Black "Vitiugov, Nikita"]
[Result "1/2-1/2"]
[WhiteElo "2635"]
[BlackElo "2657"]
[EventDate "2025.11.26"]

1. e4 e5 2. Nf3 Nc6 3. Bb5 a6 4. Ba4 Nf6 5. O-O Be7 6. d3 b5 7. Bb3 d6 8.
c3 O-O 9. h3 Bb7 10. Bc2 Nb8 11. Nbd2 Nbd7 12. Re1 Re8 13. a4 Bf8 14. b4 c5
15. Nb3 cxb4 16. cxb4 d5 17. Bd2 Rc8 18. axb5 axb5 19. Qb1 h6 20. Rc1 Qb6
21. Ra5 dxe4 22. dxe4 Rc4 23. Be3 Qc6 24. Nfd2 Rc3 25. Bd3 Bxb4 26. Rxb5
Rxc1+ 27. Nxc1 Bxd2 28. Bxd2 Ba6 29. Rb4 Bxd3 30. Qxd3 Rc8 31. f3 Nc5 32.
Qc2 Nfd7 1/2-1/2

[Event "London Chess Classic 2025"]
[Site "Londra"]
[Date "27.11.2025"]
[Round "2"]
[White "Abdusattorov, Nodirbek"]
[Black "Mishra, Abhimanyu"]
[Result "1-0"]
[WhiteElo "2750"]
[BlackElo "2642"]
[EventDate "2025.11.26"]

1. e4 e5 2. Nf3 Nc6 3. Bb5 a6 4. Ba4 Nf6 5. O-O b5 6. Bb3 Bc5 7. a4 Rb8 8.
c3 d6 9. d4 Bb6 10. a5 Ba7 11. h3 Bb7 12. Re1 O-O 13. Be3 exd4 14. cxd4 Nb4
15. Bg5 h6 16. Bh4 c5 17. Nc3 Re8 18. Re3 c4 19. Bc2 Nxc2 20. Qxc2 b4 21.
Nd5 g5 22. Nxg5 hxg5 23. Bxg5 Bxd5 24. exd5 Rxe3 25. fxe3 Qe8 26. Bxf6
Qxe3+ 27. Qf2 Qxf2+ 28. Kxf2 Rb5 29. Ke3 Rxd5 30. g4 Rb5 31. Ke4 Kh7 32. h4
Kg6 33. Rf1 d5+ 34. Ke3 Bb8 35. h5+ Kh7 36. g5 Bd6 37. Be7 Bxe7 38. Rxf7+
Kg8 39. Rxe7 c3 40. b3 Rb8 41. Rc7 Rf8 42. h6 Rf7 43. Rc6 Re7+ 44. Kf4 Kh7
45. Kg4 Rd7 46. Kh5 Kg8 47. g6 Rd8 48. Rc7 Kh8 49. h7 1-0

[Event "London Chess Classic 2025"]
[Site "Londra"]
[Date "27.11.2025"]
[Round "2"]
[White "Theodorou, Nikolas"]
[Black "Jones, Gawain"]
[Result "1-0"]
[WhiteElo "2656"]
[BlackElo "2655"]
[EventDate "2025.11.26"]

1. d4 d5 2. Nf3 e6 3. c4 a6 4. cxd5 exd5 5. Nc3 Nf6 6. Bg5 Be6 7. e3 Nbd7
8. Bd3 c6 9. Bh4 h6 10. Nd2 Bd6 11. O-O g5 12. Bg3 Bxg3 13. fxg3 g4 14. Ne2
Qb6 15. b4 h5 16. Qe1 Qxb4 17. Rb1 Qa3 18. Rb3 Qxa2 19. Qc1 Qa5 20. Rxb7
Rc8 21. e4 c5 22. e5 Ng8 23. Nb3 Qd8 24. Nxc5 Ne7 25. Nf4 Nxc5 26. dxc5 Rc6
27. Nxe6 Rxe6 28. Qg5 Qc8 29. c6 Rf8 30. Bxa6 Nxc6 31. Rfxf7 Rxf7 32. Rxf7
Qxa6 33. Qg8+ 1-0

[Event "London Chess Classic 2025"]
[Site "Londra"]
[Date "27.11.2025"]
[Round "2"]
[White "Shankland, Sam"]
[Black "Eljanov, Pavel"]
[Result "1/2-1/2"]
[WhiteElo "2649"]
[BlackElo "2656"]
[EventDate "2025.11.26"]

1. e4 e5 2. Nf3 Nc6 3. Bc4 Nf6 4. d3 Be7 5. Nc3 O-O 6. a3 d6 7. Be3 a5 8.
h3 Be6 9. Ng5 Bxc4 10. dxc4 Qc8 11. Qd3 Nd8 12. O-O-O Ne6 13. g3 c6 14.
Nxe6 fxe6 15. f4 Nh5 16. fxe5 dxe5 17. Bb6 Qe8 18. Kb1 Bd8 19. Na4 Bxb6 20.
Nxb6 Rd8 21. Qc3 Rd4 22. Rxd4 exd4 23. Qxd4 Nxg3 24. Rd1 Qh5 25. Ka2 e5 26.
Qd6 Nxe4 27. Qe6+ Qf7 28. Qxe5 Qf5 29. Qxf5 Rxf5 30. Rd8+ Rf8 31. Rd7 Rf7
32. Rd8+ Rf8 33. Rd7 1/2-1/2

[Event "London Chess Classic 2025"]
[Site "Londra"]
[Date "27.11.2025"]
[Round "2"]
[White "McShane, Luke"]
[Black "Firouzja, Alireza"]
[Result "0-1"]
[WhiteElo "2615"]
[BlackElo "2762"]
[EventDate "2025.11.26"]

1. e4 c5 2. Nf3 d6 3. d4 cxd4 4. Nxd4 Nf6 5. Nc3 a6 6. Be2 e5 7. Nb3 Be6 8.
f4 Be7 9. g4 h6 10. f5 Bd7 11. Be3 Bc6 12. Bf3 b5 13. a3 Nbd7 14. Qe2 Nb6
15. Na5 Rc8 16. O-O-O Ba8 17. Bd2 Qc7 18. Kb1 d5 19. exd5 Nfxd5 20. Rhe1
O-O 21. Qxe5 Qxe5 22. Rxe5 Nxc3+ 23. Bxc3 Bxf3 24. Rd3 Bf6 25. Rxf3 Rxc3
26. Rxc3 Bxe5 27. Rc6 Rb8 28. h3 Nc4 29. Rxa6 Bxb2 30. Nc6 Re8 31. a4 Bc3
32. Ka2 Nd2 33. axb5 Re1 0-1

[Event "London Chess Classic 2025"]
[Site "Londra"]
[Date "28.11.2025"]
[Round "3"]
[White "Firouzja, Alireza"]
[Black "Adams, Michael"]
[Result "1/2-1/2"]
[WhiteTitle "GM"]
[BlackTitle "GM"]
[WhiteElo "2762"]
[BlackElo "2635"]
[WhiteFideId "12573981"]
[BlackFideId "400041"]
[EventDate "2025.11.26"]

1. e4 e5 2. Nf3 Nc6 3. Bc4 Bc5 4. c3 Nf6 5. d3 O-O 6. a4 d5 7. exd5 Nxd5 8. O-O
Nb6 9. Bb5 a5 10. Nbd2 Bd6 11. Nc4 Nxc4 12. Bxc4 h6 13. Re1 Qf6 14. Qb3 Qg6 15.
Bd2 Bd7 16. Rad1 Rad8 17. Bd5 b6 18. Nh4 Qf6 19. Nf3 Qg6 20. Nh4 Qf6 21. Nf3 Qg6
22. Nh4 1/2-1/2

[Event "London Chess Classic 2025"]
[Site "Londra"]
[Date "28.11.2025"]
[Round "3"]
[White "Eljanov, Pavel"]
[Black "McShane, Luke"]
[Result "1/2-1/2"]
[WhiteTitle "GM"]
[BlackTitle "GM"]
[WhiteElo "2656"]
[BlackElo "2615"]
[WhiteFideId "14102951"]
[BlackFideId "404853"]
[EventDate "2025.11.26"]

1. d4 Nf6 2. c4 e6 3. g3 Bb4+ 4. Bd2 c5 5. Bxb4 cxb4 6. Bg2 O-O 7. Nf3 d6 8. O-O
Re8 9. Qd3 Nc6 10. e4 a5 11. a3 bxa3 12. bxa3 e5 13. d5 Nb8 14. Nc3 Na6 15. Nd2
Bd7 16. Rab1 Qc7 17. Rb2 Nc5 18. Qe3 a4 19. Rfb1 h6 20. Bf1 Nh7 21. Nb5 Qb8 22.
Bd3 Nf6 23. Bc2 Bxb5 24. Rxb5 Qc7 25. R5b4 h5 26. Qg5 Qe7 27. h4 g6 28. Kg2 Kg7
29. Re1 Qc7 30. Qe3 Nfd7 31. Reb1 Qd8 32. R1b2 Qe7 33. Qe2 Ra6 34. Nb1 Nf6 35.
Nc3 Rea8 36. Rb1 Qd8 37. Qe3 Nfd7 38. Qf3 Nf6 39. Qd1 Qc8 40. Qe2 Qd8 41. Rf1
Nfd7 42. Nb5 Rc8 43. Qe3 Nf6 44. Nc3 Rca8 45. Qg5 Qe8 46. Re1 Nfd7 47. Nb5 Rc8
48. Qe3 Qe7 49. Nc3 Rca8 50. Nb1 Rc8 51. Nd2 Nf6 52. Bd1 Raa8 53. Be2 Nfd7 54.
Kg1 Qd8 55. Bf1 Qe7 56. Bh3 Rd8 57. Bxd7 Rxd7 58. Reb1 Rc7 59. Rb6 Rac8 60. Kg2
Re8 61. R1b4 Qd7 62. R4b5 Qe7 63. Rb2 Rec8 64. Rb1 Rb8 65. Qg5 Qd7 66. Qe3 Qe7
67. Qc3 Kg8 68. Re1 Rbc8 69. Rb4 Qd7 70. Re3 Na6 71. Rb6 Nc5 72. Qb4 Kg7 73. Nf3
Qe7 74. Ng5 Rd8 75. Rf3 Qe8 76. Rb5 Rdd7 77. Ra5 Qc8 78. Qb6 Qe8 79. Rb5 Rc8 80.
Ra5 Qd8 81. Qb4 Qe8 82. Rb5 Rcc7 83. Ra5 Re7 84. Ra7 Red7 85. Ra5 Re7 86. Rb5
Red7 87. Re3 Qc8 88. Rc3 Re7 89. Rb6 Red7 90. Qb2 Qe8 91. Rb4 Re7 92. Rb6 Red7
93. Qb5 Qd8 94. Rf3 Re7 95. Qb4 Red7 96. Rb5 Qe8 97. Ra5 Re7 98. Rb5 1/2-1/2

[Event "London Chess Classic 2025"]
[Site "Londra"]
[Date "28.11.2025"]
[Round "3"]
[White "Jones, Gawain"]
[Black "Shankland, Sam"]
[Result "1/2-1/2"]
[WhiteTitle "GM"]
[BlackTitle "GM"]
[WhiteElo "2655"]
[BlackElo "2649"]
[WhiteFideId "409561"]
[BlackFideId "2004887"]
[EventDate "2025.11.26"]

1. e4 e5 2. Nc3 Nf6 3. Nf3 Nc6 4. Bb5 Bb4 5. O-O O-O 6. Bxc6 dxc6 7. Nxe5 Re8 8.
Nd3 Bxc3 9. dxc3 Nxe4 10. Qf3 Qf6 11. Bf4 Nd6 12. Rfe1 Bf5 13. Bxd6 cxd6 14. g4
Bxd3 15. Qxf6 gxf6 16. cxd3 Re6 17. Re3 Rae8 18. Rae1 Kg7 19. Kg2 Kg6 20. Kf3 f5
21. Rg1 fxg4+ 22. Rxg4+ Kf6 23. a4 Re5 24. Rf4+ Kg6 25. a5 Rxe3+ 26. fxe3 Re5
27. Rb4 Rf5+ 28. Kg3 Rg5+ 29. Kf3 Rf5+ 30. Kg3 Rg5+ 31. Kf2 Rxa5 32. Rxb7 Rb5
33. Rxb5 cxb5 34. e4 a5 35. Ke3 Kf6 36. Kd4 Ke6 37. c4 b4 38. b3 h5 39. c5 dxc5+
40. Kxc5 Ke5 41. h4 f6 42. Kc4 Kf4 43. Kb5 Ke3 44. Kxa5 Kxd3 45. Kxb4 Kxe4 46.
Kc3 Ke3 47. b4 Ke4 48. b5 Kd5 49. Kd3 Kc5 50. Ke4 Kxb5 51. Kf5 Kc6 52. Kxf6 Kd7 1/2-1/2

[Event "London Chess Classic 2025"]
[Site "Londra"]
[Date "28.11.2025"]
[Round "3"]
[White "Mishra, Abhimanyu"]
[Black "Theodorou, Nikolas"]
[Result "1/2-1/2"]
[WhiteTitle "GM"]
[BlackTitle "GM"]
[WhiteElo "2642"]
[BlackElo "2656"]
[WhiteFideId "30920019"]
[BlackFideId "4262875"]
[EventDate "2025.11.26"]

1. e4 c5 2. Nf3 e6 3. c3 d5 4. exd5 exd5 5. d4 Nc6 6. Bb5 Bd6 7. O-O Ne7 8. dxc5
Bxc5 9. Nbd2 O-O 10. Nb3 Bb6 11. Re1 Nf5 12. Bd3 h6 13. Bxf5 Bxf5 14. Be3 Be4
15. Nfd2 Bg6 16. Nf3 Be4 17. Nfd2 Bg6 18. Nf3 Be4 1/2-1/2

[Event "London Chess Classic 2025"]
[Site "Londra"]
[Date "28.11.2025"]
[Round "3"]
[White "Vitiugov, Nikita"]
[Black "Abdusattorov, Nodirbek"]
[Result "0-1"]
[WhiteTitle "GM"]
[BlackTitle "GM"]
[WhiteElo "2657"]
[BlackElo "2750"]
[WhiteFideId "4152956"]
[BlackFideId "14204118"]
[EventDate "2025.11.26"]

1. d4 Nf6 2. c4 e6 3. Nf3 b6 4. g3 Bb7 5. Bg2 Be7 6. O-O O-O 7. Nc3 Ne4 8. Bd2
f5 9. Ne5 d6 10. Nxe4 Bxe4 11. Bxe4 fxe4 12. Ng4 Qe8 13. Qc2 Qg6 14. f3 exf3 15.
Qxg6 hxg6 16. exf3 c5 17. dxc5 bxc5 18. Rae1 Kf7 19. Re4 Nc6 20. Rfe1 Rae8 21.
Bc3 Bf6 22. h4 a5 23. Kg2 a4 24. Rf4 Ke7 25. Rfe4 Kd7 26. Nf2 a3 27. Bxf6 gxf6
28. b3 f5 29. R4e2 Nd4 30. Rd2 e5 31. Nd1 f4 32. g4 Rh8 33. Rh1 Re7 34. Nc3 Reh7
35. Rdd1 Rxh4 36. Rxh4 Rxh4 37. Rc1 Rh8 38. Ne4 Kc6 39. Rc3 Rd8 40. Kf2 Kb6 41.
Rc1 Rh8 42. Kg2 Kc7 43. Nc3 Kc6 44. Ne4 Rb8 45. Nd2 Kb6 46. Ne4 Ka5 47. Nxd6
Nxb3 48. Rb1 Rb6 49. Nc8 Rb7 50. Nd6 Rd7 51. Ne4 Rd3 52. axb3 Kb4 53. Ra1 Rxb3
54. g5 Rb2+ 55. Kh3 a2 56. Nd6 Kb3 57. Nf7 e4 0-1

[Event "London Chess Classic 2025"]
[Site "Londra"]
[Date "29.11.2025"]
[Round "4"]
[White "Adams, Michael"]
[Black "Abdusattorov, Nodirbek"]
[Result "0-1"]
[WhiteTitle "GM"]
[BlackTitle "GM"]
[WhiteElo "2635"]
[BlackElo "2750"]
[WhiteFideId "400041"]
[BlackFideId "14204118"]
[EventDate "2025.11.26"]

1. e4 c5 2. Nf3 Nc6 3. Bb5 e6 4. c3 d5 5. d3 Bd7 6. Bf4 Nge7 7. O-O Ng6 8. exd5
exd5 9. Re1+ Be7 10. Bd6 O-O 11. Bxc6 Bxd6 12. Bxd7 Qxd7 13. Na3 Rae8 14. Nc2
Qb5 15. b3 Nf4 16. Re3 Qc6 17. g3 Nh5 18. Nh4 Nf6 19. Nf5 Re6 20. Qf3 Rfe8 21.
Rae1 Bf8 22. Rxe6 fxe6 23. Nh4 Qa6 24. a4 Qa5 25. d4 Ne4 26. c4 cxd4 27. cxd5
Ng5 28. Qh5 d3 29. Qxg5 dxc2 30. Rc1 Ba3 31. Qh5 Rf8 0-1

[Event "London Chess Classic 2025"]
[Site "Londra"]
[Date "29.11.2025"]
[Round "4"]
[White "Theodorou, Nikolas"]
[Black "Vitiugov, Nikita"]
[Result "1/2-1/2"]
[WhiteTitle "GM"]
[BlackTitle "GM"]
[WhiteElo "2656"]
[BlackElo "2657"]
[WhiteFideId "4262875"]
[BlackFideId "4152956"]
[EventDate "2025.11.26"]

1. Nf3 d5 2. g3 c6 3. Bg2 Bg4 4. O-O Nf6 5. d3 Nbd7 6. h3 Bh5 7. g4 Bg6 8. Bf4
h6 9. Nbd2 e6 10. a4 a5 11. e3 Bb4 12. Qe2 O-O 13. Bg3 Qe7 14. Nh4 Bh7 15. Kh1
g5 16. Nhf3 Bd6 17. Bxd6 Qxd6 18. Nh2 e5 19. f4 exf4 20. exf4 Rfe8 21. Qf2 Qxf4
22. Qxf4 gxf4 23. Rxf4 Re2 24. Nhf3 Ne8 25. Bf1 Re7 26. Nd4 Nd6 27. Kg1 Kg7 28.
Bg2 Bg6 29. Rf2 Rae8 30. N2b3 Ra8 31. Nd2 Rae8 1/2-1/2

[Event "London Chess Classic 2025"]
[Site "Londra"]
[Date "29.11.2025"]
[Round "4"]
[White "Shankland, Sam"]
[Black "Mishra, Abhimanyu"]
[Result "1/2-1/2"]
[WhiteTitle "GM"]
[BlackTitle "GM"]
[WhiteElo "2649"]
[BlackElo "2642"]
[WhiteFideId "2004887"]
[BlackFideId "30920019"]
[EventDate "2025.11.26"]

1. d4 d5 2. c4 c6 3. Nf3 Nf6 4. Nc3 e6 5. e3 Nbd7 6. Bd3 dxc4 7. Bxc4 b5 8. Bd3
Bd6 9. Bd2 Bb7 10. Rc1 Rc8 11. O-O O-O 12. Bb1 Re8 13. a3 a5 14. e4 e5 15. dxe5
Nxe5 16. Bf4 Nxf3+ 17. Qxf3 Bxf4 18. Qxf4 Qe7 19. Rfe1 Nd5 20. Qg3 Nxc3 21. Qxc3
Qe5 22. Qxe5 Rxe5 23. f4 Ree8 24. b4 axb4 25. axb4 Red8 26. Red1 Kf8 27. e5 g6
28. Be4 Ra8 29. Kf2 Ke7 30. Rxd8 Kxd8 31. Bxc6 Ra2+ 32. Kf3 Bxc6+ 33. Rxc6 Rb2
34. Rd6+ Ke7 35. Rd4 h5 36. h3 h4 37. Kg4 Rxg2+ 38. Kxh4 Rc2 39. Kg4 Rg2+ 40.
Kf3 Rb2 41. h4 Ke6 42. Ke4 Rb1 43. h5 Re1+ 44. Kf3 gxh5 45. Rd6+ Ke7 46. Rh6 Rb1
47. Rxh5 Rxb4 48. Rh8 Rd4 49. Rh6 f5 50. exf6+ 1/2-1/2

[Event "London Chess Classic 2025"]
[Site "Londra"]
[Date "29.11.2025"]
[Round "4"]
[White "McShane, Luke"]
[Black "Jones, Gawain"]
[Result "1-0"]
[WhiteTitle "GM"]
[BlackTitle "GM"]
[WhiteElo "2615"]
[BlackElo "2655"]
[WhiteFideId "404853"]
[BlackFideId "409561"]
[EventDate "2025.11.26"]

1. e4 e5 2. Nf3 Nc6 3. Bb5 a6 4. Ba4 Nf6 5. O-O Bc5 6. Bxc6 dxc6 7. d3 Qe7 8.
Nbd2 Bg4 9. Re1 h5 10. Nf1 h4 11. h3 Bh5 12. N1h2 Nh7 13. Be3 Bxe3 14. Rxe3
O-O-O 15. Qd2 Nf8 16. Qa5 Ng6 17. b4 Bxf3 18. Nxf3 Rh5 19. a4 Nf4 20. Kh1 Kb8
21. Rb1 Qd6 22. b5 Qc5 23. Qd2 cxb5 24. axb5 b6 25. bxa6 Ka7 26. c3 Qd6 27. d4
Rhh8 28. Qc2 Qg6 29. Rg1 f6 30. Qb3 Qe8 31. d5 Qd7 32. c4 g5 33. Nh2 f5 34. exf5
Qxf5 35. Rge1 Rhe8 36. Re4 c6 37. c5 b5 38. d6 Ne6 39. Ng4 Nd4 40. Qb4 1-0

[Event "London Chess Classic 2025"]
[Site "Londra"]
[Date "29.11.2025"]
[Round "4"]
[White "Firouzja, Alireza"]
[Black "Eljanov, Pavel"]
[Result "1-0"]
[WhiteTitle "GM"]
[BlackTitle "GM"]
[WhiteElo "2762"]
[BlackElo "2656"]
[WhiteFideId "12573981"]
[BlackFideId "14102951"]
[EventDate "2025.11.26"]

1. d4 Nf6 2. c4 e6 3. Nc3 d5 4. cxd5 exd5 5. Bg5 c6 6. Qc2 h6 7. Bh4 Be6 8. e3
Nbd7 9. Bd3 g5 10. Bg3 Nh5 11. Nge2 Nxg3 12. Nxg3 Nf6 13. O-O-O Qc7 14. Kb1
O-O-O 15. Rc1 Kb8 16. Na4 h5 17. h4 Rg8 18. Ne2 gxh4 19. Nf4 Rg4 20. Nc5 Bxc5
21. Qxc5 Rdg8 22. Qb4 Bc8 23. f3 R4g5 24. Rxh4 Bf5 25. Bxf5 Rxf5 26. Rc3 Nd7 27.
Rc2 Nf6 28. a4 Re8 29. Rc3 a5 30. Qb3 Rg5 31. Rh1 Nd7 32. Rxh5 Rxh5 33. Nxh5 Nb6
34. Ka2 Ka7 35. Nf6 Re7 36. Rc5 Kb8 37. e4 dxe4 38. fxe4 Nd7 39. Nxd7+ Qxd7 40.
Qg3+ Qc7 41. Qg8+ Qc8 42. Qg3+ Qc7 43. Qd3 Qf4 44. Rxa5 Rxe4 45. g3 Rxd4 46.
gxf4 Rxd3 47. Rf5 Rd4 48. Kb3 Ka7 49. Rxf7 Kb6 50. f5 Rf4 51. f6 Rf3+ 52. Kc2 c5
53. Rf8 Ka7 54. Kd2 Rb3 55. Kc2 Rf3 56. Kd1 Rf4 57. Ke2 Rxa4 58. Re8 Rf4 59. Re6
b6 60. Ke3 Rf1 61. Ke4 Ka6 62. Ke5 Kb5 63. Kd6 Kc4 64. Ke7 b5 65. f7 Rxf7+ 66.
Kxf7 Kb3 67. Kf6 Kxb2 68. Ke5 c4 69. Kd4 c3 70. Re2+ 1-0

[Event "London Chess Classic 2025"]
[Site "Londra"]
[Date "30.11.2025"]
[Round "5"]
[White "Vitiugov, Nikita"]
[Black "Shankland, Sam"]
[Result "1-0"]
[WhiteElo "2657"]
[BlackElo "2649"]
[EventDate "2025.11.26"]

1. e4 c6 2. d4 d5 3. exd5 cxd5 4. Bd3 Nc6 5. c3 Nf6 6. Bf4 Bg4 7. Qb3 e5 8.
h3 exf4 9. hxg4 Qe7+ 10. Ne2 O-O-O 11. Nd2 g6 12. f3 h5 13. O-O-O Bh6 14.
gxh5 Nxh5 15. Kb1 Ng3 16. Nxg3 fxg3 17. Qc2 Bf4 18. Rhe1 Qc7 19. Nb3 Bd6
20. a3 Kb8 21. c4 dxc4 22. Qxc4 Rc8 23. Rc1 Bf4 24. Rc2 Bd6 25. Be4 Rhe8
26. Rec1 Bf4 27. Rh1 f5 28. Bd5 Qe7 29. Nc5 Red8 30. Na6+ Ka8 31. Nb4 Nb8
32. Qxc8 Rxc8 33. Rxc8 a5 34. Nd3 Bd6 35. Nc5 Bxc5 36. dxc5 Ka7 37. Rhh8
Qe2 38. Rhd8 Ka6 39. Rxb8 Kb5 40. Rxb7+ Kxc5 41. Rc7+ Kb6 42. Rc6+ Ka7 43.
Ra8+ 1-0

[Event "London Chess Classic 2025"]
[Site "Londra"]
[Date "30.11.2025"]
[Round "5"]
[White "Jones, Gawain"]
[Black "Firouzja, Alireza"]
[Result "1/2-1/2"]
[WhiteElo "2655"]
[BlackElo "2762"]
[EventDate "2025.11.26"]

1. e4 c5 2. Nc3 a6 3. g3 b5 4. Bg2 Bb7 5. Nge2 Nc6 6. O-O e6 7. d4 cxd4 8.
Nxd4 Rc8 9. Nxc6 Bxc6 10. Re1 Bc5 11. Nd5 Bxd5 12. exd5 Nf6 13. dxe6 fxe6
14. Be3 Qb6 15. c3 O-O 16. Qe2 h5 17. h3 h4 18. g4 Nh7 19. Rad1 Rf7 20. f4
Rxf4 21. Rxd7 Ng5 22. Bxc5 Qxc5+ 23. Qe3 Qxe3+ 24. Rxe3 b4 25. Re5 bxc3 26.
bxc3 Nf3+ 27. Bxf3 Rxf3 28. Rxe6 Rcf8 29. Rd2 Rxh3 30. Rxa6 Rxc3 31. g5 Kh7
32. Ra4 h3 33. Rad4 Kg6 34. R4d3 Rf3 35. Rxf3 Rxf3 36. Rd7 1/2-1/2

[Event "London Chess Classic 2025"]
[Site "Londra"]
[Date "30.11.2025"]
[Round "5"]
[White "Mishra, Abhimanyu"]
[Black "McShane, Luke"]
[Result "1/2-1/2"]
[WhiteElo "2642"]
[BlackElo "2615"]
[EventDate "2025.11.26"]

1. e4 e5 2. Nf3 Nc6 3. Bb5 a6 4. Ba4 d6 5. O-O Bd7 6. c3 g6 7. d4 Bg7 8. h3
Nf6 9. Re1 O-O 10. Bc2 Re8 11. Nbd2 a5 12. Nf1 a4 13. Ng3 a3 14. bxa3 b6
15. Rb1 Na5 16. a4 Qc8 17. Bg5 h6 18. Bxf6 Bxf6 19. Nf1 Nc4 20. Rb4 Na5 21.
Ne3 Bg7 22. Qd2 Nc6 23. Rbb1 Nd8 24. Rb4 Nc6 25. Rbb1 Nd8 26. Rbd1 Bxa4 27.
dxe5 dxe5 28. Bxa4 Rxa4 29. Ng4 h5 30. Ngxe5 Bxe5 31. Nxe5 Rxe5 32. Qxd8+
Qxd8 33. Rxd8+ Kg7 34. Rd4 Rxa2 35. Rd7 Ra4 36. Rxc7 Raxe4 37. Rxe4 1/2-1/2

[Event "London Chess Classic 2025"]
[Site "Londra"]
[Date "30.11.2025"]
[Round "5"]
[White "Eljanov, Pavel"]
[Black "Adams, Michael"]
[Result "1/2-1/2"]
[WhiteElo "2656"]
[BlackElo "2635"]
[EventDate "2025.11.26"]

1. d4 d5 2. Nf3 Nf6 3. Bf4 e6 4. e3 Bd6 5. Ne5 O-O 6. Nd2 c5 7. c3 c4 8. h4
Qc7 9. h5 Nc6 10. h6 g6 11. Ng4 Nxg4 12. Bxd6 Qxd6 13. Qxg4 b5 14. a3 a5
15. Be2 Bd7 16. O-O e5 17. Qg3 Bf5 18. Nf3 Rfe8 19. dxe5 Nxe5 20. Nd4 Qd7
21. Nxf5 Qxf5 22. Rad1 Rad8 23. Rd4 Qc2 24. Qf4 Rd6 25. Bf3 Qxb2 26. Bxd5
Qxa3 27. Rfd1 Kf8 28. Bxf7 Rxd4 29. Rxd4 Nxf7 30. Qf6 Qc5 31. Rd7 Re7 32.
Rd8+ Re8 33. Rd7 Re7 34. Rd8+ Re8 35. Rd7 1/2-1/2

[Event "London Chess Classic 2025"]
[Site "Londra"]
[Date "30.11.2025"]
[Round "5"]
[White "Abdusattorov, Nodirbek"]
[Black "Theodorou, Nikolas"]
[Result "1-0"]
[WhiteElo "2750"]
[BlackElo "2656"]
[EventDate "2025.11.26"]

1. c4 Nf6 2. Nc3 e5 3. e3 Bb4 4. Nge2 O-O 5. Qb3 a5 6. a3 Bxc3 7. Nxc3 d6
8. Be2 Nc6 9. d3 Re8 10. O-O e4 11. Qc2 exd3 12. Bxd3 Ne5 13. Be2 Ng6 14.
b3 Bg4 15. f3 Be6 16. e4 c6 17. f4 Bd7 18. f5 Ne5 19. Bg5 b5 20. Rad1 b4
21. Na4 c5 22. Rxd6 Qe7 23. Rfd1 Bxa4 24. bxa4 Red8 25. R6d5 h6 26. Bh4
Nxd5 27. Bxe7 Nxe7 28. Rxd8+ Rxd8 29. axb4 axb4 30. a5 N7c6 31. Qa2 Nd4 32.
Bd1 Nb5 33. Bb3 Nc3 34. Qf2 Nd3 35. Qd2 Rd4 36. Kf1 Ne5 37. Qf4 f6 38. Qe3
Rxe4 39. Qf2 Nd3 40. Qd2 Rf4+ 41. Qxf4 Nxf4 42. a6 Nfe2 43. a7 Nd4 44.
a8=Q+ Kh7 45. Ba4 b3 46. Be8 Nxf5 47. Bf7 Ne3+ 48. Kf2 1-0